L'amour en Allemagne : [choses vues! /

Gespeichert in:
Bibliographische Detailangaben
1. Verfasser: Royer, Louis-Charles (Verfasst von)
Format: Buch
Sprache:Französisch
Veröffentlicht: Paris : Les Editions de France, c1930,
Schriftenreihe:Les éditions de France
Tags: Tag hinzufügen
Keine Tags, Fügen Sie das erste Tag hinzu!

MARC

LEADER 00000nam a22000007i 4500
001 IT\ICCU\TO0\1437671
003 ItRI
005 20260115232321.0
008 050926s1930 fr |||||| ||||| |||||c
040 |b ita  |c importazione bologna sebina 
041 7 |a fre  |2 ISO-639-2 
100 1 |a Royer, Louis-Charles  |0 IT\ICCU\RAVV\047597  |4 aut 
245 1 2 |a L'amour en Allemagne :  |b [choses vues! /  |c Louis Charles Royer. 
260 |a Paris :  |b Les Editions de France,  |c c1930,  |g (stampa 1932) 
300 |a 275 p. ;  |c 19 cm 
500 |a Compl. del tit. in cop. 
830 4 |a Les éditions de France  |0 IT\ICCU\LO1\0596431 
942 |2 ddc  |c BK  |n 0 
952 |0 0  |1 0  |4 0  |6 DOC_843_912000000000000_ROY  |7 0  |9 24072  |a BO  |b BO  |d 2026-01-15  |i 717  |l 0  |o DOC 843.912 ROY  |p BO717  |r 2026-01-15 23:23:21  |w 2026-01-15  |x [Sebina 7] [1 v.]  |y BK  |z 1 v. 
999 |c 20499  |d 20499